|
|
|
|
| LEADER |
00000cam a2200000 a 4500 |
| 001 |
vtls001517455 |
| 003 |
SK-MaSNL |
| 005 |
20260302073902.0 |
| 008 |
250312s1966 xo dal crp 000 0 slo |
| 015 |
|
|
|a SNBA1966
|
| 020 |
|
|
|q (viazané)
|
| 035 |
|
|
|a urn:nbn:sk:snk-am00icq9
|
| 035 |
|
|
|a DF2B8DDF-C088-4ED6-8D39-9CB9E1A7BBC3
|
| 040 |
|
|
|a SNK
|b slo
|c SNK
|e AACR2
|
| 041 |
1 |
|
|a slo
|h cze
|
| 044 |
|
|
|a xo
|c SK
|
| 072 |
|
7 |
|a 51
|x Matematika
|2 konspekt
|
| 072 |
|
7 |
|a 37.016
|x Učebné osnovy. Vyučovacie predmety. Učebnice
|2 konspekt
|
| 072 |
|
7 |
|a 511.1
|x Aritmetika
|2 konspekt
|
| 080 |
|
|
|a 51
|2 2011
|
| 080 |
|
|
|a 511.1
|2 2001
|
| 080 |
|
|
|a (075.2)
|2 2011
|
| 080 |
|
|
|a (076.1/.3)
|2 2011
|
| 100 |
1 |
|
|a Mikulčák, Jiří,
|d 1923-2011
|4 aut
|9 157651
|
| 245 |
1 |
0 |
|a Aritmetika 6
|c Jiří Mikulčák, Jiří Kabele, Jozef Kroupa ; [ilustroval Dobrovslav Foll] ; [z českého originálu preložil Jozef Kroupa]
|
| 246 |
3 |
3 |
|a Aritmetika pre 6. roč. ZDŠ
|
| 250 |
|
|
|a 3. vyd.
|
| 260 |
|
|
|a Bratislava
|b Slovenské pedagogické nakladateľstvo
|c 1966
|
| 300 |
|
|
|a 186 strán
|b grafy, ilustrácie, tabuľky
|c 21 cm
|
| 366 |
|
|
|e 25100 kusov
|
| 500 |
|
|
|a Preložené z češtiny
|
| 500 |
|
|
|a Vydané ako učebnica aritmetiky pre 6. ročník základných deväťročných škôl
|
| 650 |
0 |
7 |
|a matematika
|2 SNKPH
|9 70174
|
| 650 |
0 |
7 |
|a aritmetika
|2 SNKPH
|9 734
|
| 655 |
|
7 |
|a učebnice základných škôl
|2 SNKPH
|9 70187
|
| 655 |
|
7 |
|a zbierky úloh
|2 SNKPH
|9 70562
|
| 700 |
1 |
|
|a Kroupa, Josef,
|d 1910-1975
|4 aut
|4 trl
|9 342640
|
| 700 |
1 |
|
|a Kabele, Jiří,
|d 1906-1983
|4 aut
|9 106737
|
| 700 |
1 |
|
|a Foll, Dobroslav,
|d 1922-1981
|4 ill
|9 134157
|
| 852 |
|
|
|a Slovenská národná knižnica
|
| 954 |
|
|
|a odborná, vedecká literatúra cudzojazyčná (svetová)
|2 lita
|
| 958 |
|
|
|a TL
|
| 958 |
|
|
|a OND
|
| 958 |
|
|
|a UC
|
| 958 |
|
|
|a CZ
|
| 958 |
|
|
|a OP
|
| 958 |
|
|
|a DB
|
| 999 |
|
|
|c 1162722
|d 1164652
|
| 952 |
|
|
|a SNK
|b SNK
|y PREZ
|7 0
|p 17A0800413
|o snkSC 21029
|i snkKSP 1591/66
|0 0
|1 0
|4 0
|d 2012-08-27
|f 1
|l 0
|r 2025-08-13 00:00:00
|w 2026-02-24
|
| 952 |
|
|
|a SNK
|b SNK
|y VYP
|7 0
|p 17A0459528
|o snkSC 21029 D1
|i snkKSP 1592/66
|3 Rekatalogizácia
|0 0
|1 0
|4 0
|d 2005-03-04
|l 0
|r 2026-02-24 20:38:41
|w 2026-02-24
|